MARC

LEADER 00000nam0a2200000 4500
001 329241
005 20231102004137.0
035 |a (RuTPU)RU\TPU\book\354983 
090 |a 329241 
100 |a 20170310d1962 m y0rusy50 ca 
101 0 |a rus 
102 |a UA 
105 |a a j 001zy 
200 1 |a Курс маркшейдерского дела для горняков  |e учебник  |f Д. Н. Оглоблин [и др.]  |g под ред. Д. Н. Оглоблина 
210 |a Киев  |c Гостехиздат УССР  |d 1962 
215 |a 227 с.  |c ил. 
320 |a Библиогр.: с. 224 
606 1 |a Маркшейдерское дело  |2 stltpush  |3 (RuTPU)RU\TPU\subj\41067  |9 60885 
610 1 |a маркшейдерская съемка 
610 1 |a маркшейдерские планы 
610 1 |a проекции 
610 1 |a разрезы 
610 1 |a горные выработки 
610 1 |a шахтное строительство 
610 1 |a открытая разработка 
610 1 |a геометризация 
610 1 |a подсчет запасов 
610 1 |a полезные ископаемые 
610 1 |a горные породы 
610 1 |a сдвижение 
610 1 |a учебники 
675 |a 622.1(075.8)  |v 4 
701 1 |a Оглоблин  |b Д. Н.  |g Дмитрий Николаевич 
701 1 |a Герасименко  |b Г. И.  |g Георгий Иванович 
701 1 |a Никольский  |b С. И.  |g Серафим Иванович 
701 1 |a Папазов  |b М. Г.  |g Михаил Герасимович 
701 1 |a Травник  |b С. Ф.  |g Сергей Францевич 
702 1 |a Оглоблин  |b Д. Н.  |4 340 
801 1 |a RU  |b 63413507  |c 20170310 
801 2 |a RU  |b 63413507  |c 20191225  |g RCR 
942 |c BK